000 nam a22 a 4500
999 _c268
_d268
003 AKMAL
005 20170428095553.0
008 170428s2005 my a e | 000 0 may d
020 _a9676117013 (kkt.) :
040 _aAKMAL
082 0 4 _a658.3125 ABA
_222
090 0 0 _a658.3125
_bABA
100 0 _aAb. Aziz Yusof
_9600
245 1 0 _aPenilaian prestasi :
_bkepentingan dan permasalahan /
_cAb. Aziz Yusof
260 _aKuala Lumpur :
_bUtusan Publications & Distributors,
_c2005
300 _av, 318ms. ;
_c22cm.
504 _aBibliografi: ms. 296-316
650 1 0 _aEmployees
_xRating of
_9601
650 2 0 _aPersonnel management
_9602
942 _2ddc
_cBOOK
950 _lAKMAL